Rhodesia: (Record no. 8901)
[ view plain ]
| 000 -LEADER | |
|---|---|
| fixed length control field | 00470nam a2200205Ia 4500 |
| 003 - CONTROL NUMBER IDENTIFIER | |
| control field | 0100 |
| 005 - DATE AND TIME OF LATEST TRANSACTION | |
| control field | 20180309091346.0 |
| 008 - FIXED-LENGTH DATA ELEMENTS--GENERAL INFORMATION | |
| fixed length control field | 130303s9999 xx 000 0 und d |
| 020 ## - INTERNATIONAL STANDARD BOOK NUMBER | |
| International Standard Book Number | 883444356 |
| 040 ## - CATALOGING SOURCE | |
| Transcribing agency | ARRUPELIB |
| 050 ## - LIBRARY OF CONGRESS CALL NUMBER | |
| Classification number | DT962.75.K36 |
| 300 ## - PHYSICAL DESCRIPTION | |
| Other physical details | 177p. 22cm. |
| 100 ## - MAIN ENTRY--PERSONAL NAME | |
| Personal name | Kapungu, Leornard T |
| 9 (RLIN) | 40473 |
| 245 ## - TITLE STATEMENT | |
| Title | Rhodesia: |
| Remainder of title | the struggle for freedom / |
| 260 ## - PUBLICATION, DISTRIBUTION, ETC. (IMPRINT) | |
| Place of publication, distribution, etc | Maryknoll |
| Name of publisher, distributor, etc | Orbis Books |
| Date of publication, distribution, etc | 1974 |
| 300 ## - PHYSICAL DESCRIPTION | |
| Extent | xii |
| 650 ## - SUBJECT ADDED ENTRY--TOPICAL TERM | |
| Topical term or geographic name as entry element | Rhodesia, Southern |
| General subdivision | Politics |
| 9 (RLIN) | 26431 |
| 650 ## - SUBJECT ADDED ENTRY--TOPICAL TERM | |
| Topical term or geographic name as entry element | Christianity |
| Geographic subdivision | Rhodesia, Southern |
| 9 (RLIN) | 40418 |
| 650 ## - SUBJECT ADDED ENTRY--TOPICAL TERM | |
| Topical term or geographic name as entry element | Rhodesia, Southern |
| General subdivision | Race question |
| 9 (RLIN) | 29943 |
| 700 ## - ADDED ENTRY--PERSONAL NAME | |
| Personal name | Leornard T. Kapungu |
| 9 (RLIN) | 40474 |
| 942 ## - ADDED ENTRY ELEMENTS (KOHA) | |
| Source of classification or shelving scheme | Library of Congress Classification |
| Koha item type | Monograph ( Printed materials) |
| Withdrawn status | Lost status | Source of classification or shelving scheme | Damaged status | Not for loan | Collection code | Home library | Current library | Shelving location | Date acquired | Total Checkouts | Full call number | Barcode | Date last seen | Date checked out | Copy number | Price effective from | Koha item type |
|---|---|---|---|---|---|---|---|---|---|---|---|---|---|---|---|---|---|
| Library of Congress Classification | Main Collection | ARRUPE LIBRARY | ARRUPE LIBRARY | 04/03/2013 | 1 | DT962.75.K36 | 46003034467 | 19/03/2020 | 12/03/2020 | 1 | 04/03/2013 | Monograph ( Printed materials) |